| 000 | 00673nam a22002057a 4500 | ||
|---|---|---|---|
| 003 | OSt | ||
| 005 | 20230705074859.0 | ||
| 008 | 230705b |||||||| |||| 00| 0 eng d | ||
| 020 | _a9780340980507 | ||
| 040 |
_cNIRUC _dNIRUC |
||
| 050 |
_aRC388.5 _b.T39 2008 |
||
| 100 | _aTaylor, Jill Bolte, | ||
| 245 |
_aMy stroke of insight : _b a brain scientist's personal journey / Jill Bolte Taylor. |
||
| 260 |
_aNew York : _bViking, _c2008. |
||
| 300 |
_a183 p : _b ill. ; _c24 cm. |
||
| 650 |
_aCerebrovascular diseas _xRehabilitation _xPatients |
||
| 650 | _aTaylor, Jill Bolte, | ||
| 650 |
_aCerebrovascular disease-- _xPatients _yBiography. _zUnited States |
||
| 942 |
_2lcc _cBK _n0 |
||
| 999 |
_c455 _d455 |
||